000 00412pab a2200169 454500
008 180718b2010 xxu||||| |||| 00| 0 eng d
100 _aVombatkere, S.G.
245 _aFaith, fact and the law in Ayodhya - An appeal in the national interest
260 _c2010
300 _ap.9-10.
362 _a23 Oct
650 _aAyodhya
650 _aReligion
773 _aMainstream
908 _aN
909 _a89325
999 _c89325
_d89325